| 000 | 00747nam a22002057a 4500 | ||
|---|---|---|---|
| 999 |
_c6065 _d6065 |
||
| 005 | 20260203163615.0 | ||
| 008 | 260203b ||||| |||| 00| 0 eng d | ||
| 020 | _a9780063285651 | ||
| 040 | _cKH8 | ||
| 082 | _a741.5 | ||
| 100 |
_aMILLER,KAYLA _eAUTHOR |
||
| 245 | _aSTUCK | ||
| 260 |
_a195 Broadway,New York,NY 10007 _bHarperCollins Publishers _c©2025 |
||
| 300 |
_a209 PAGES _bColour illustration _c14cm x 20cm |
||
| 520 | _aOlive is excited to reunite with Max and Bree at Camp Acorn Lake, but the buses have barely pulled away when her two closest camp friends start fighting...and it's not just a little squabble. - Library Thing- | ||
| 650 |
_aJuvenile Fiction _vFriendship |
||
| 655 | _aComic | ||
| 655 | _aHumour | ||
| 942 |
_2ddc _cGN |
||